| 000 | 00614nam a2200193 a 4500 | ||
|---|---|---|---|
| 001 | 000011993 | ||
| 005 | 20200929162641.0 | ||
| 008 | 091102s1977 mx a 001 0 spa d | ||
| 040 |
_aDO-SdBNP _bspa _cBNPHU |
||
| 082 |
_a410 _bO87i, 1977 |
||
| 100 | 1 |
_aOtero, Carlos Peregrín _928388 |
|
| 245 | 1 | 0 |
_aIntroducción a la linguística transformacional : _bretrospectiva de una confluencia / _cCarlos Peregrín Otero. |
| 250 | _a5a ed. corregida | ||
| 260 |
_aMéxico : _bSiglo Ventiuno, _c1977. |
||
| 300 |
_a300 p. : _bil. ; _c21 cm. |
||
| 650 | 4 |
_aLinguística _91604 |
|
| 650 | 4 |
_aSintaxis _928389 |
|
| 049 | _aBNGR | ||
| 999 |
_c11662 _d11662 |
||